Loading...
| Social Science | 0 | 2 | 0 | 1 | 20 | 75 | 92.00 | 0 | 0 | 2.50 | 6.67 |
| History - Other | 0 | 2 | 0 | 1 | 20 | 81 | 105.00 | 0 | 0 | 3.36 | 4.17 |
| Philosophy | 0 | 2 | 0 | 0 | 20 | 80 | 91.00 | 0 | 0 | 4.37 | 9.77 |
| Science - Biology | 0 | 2 | 1 | 0 | 15 | 50 | 54.50 | 0 | 1 | 9.82 | 15.00 |
| Science - Other | 0 | 1 | 0 | 1 | 10 | 112 | 112.00 | 0 | 0 | 0.00 | 0.83 |
| Religion | 0 | 1 | 0 | 1 | 10 | 134 | 134.00 | 0 | 0 | 0.00 | 2.50 |
| History - World | 0 | 1 | 0 | 1 | 10 | 126 | 126.00 | 0 | 0 | 0.00 | 0.83 |
| Literature - British | 0 | 1 | 0 | 0 | 10 | 47 | 47.00 | 1 | 1 | 6.24 | 9.17 |
| Science - Chemistry | 0 | 1 | 0 | 1 | 10 | 122 | 122.00 | 0 | 0 | 0.00 | 0.83 |
| History - European | 0 | 0 | 1 | 0 | -5 | 0.00 | 0 | 0 | 0.00 | 0.00 |